| 000 | 01225nam a22003497a 4500 | ||
|---|---|---|---|
| 001 | 639 | ||
| 005 | 20250828130616.0 | ||
| 020 | _a9780064452229 (pbk. bdg.) | ||
| 020 | _a0064452220 (pbk. bdg.) | ||
| 020 | _a9780060295530 (trade bdg.) | ||
| 020 | _a0060295538 (trade bdg.) | ||
| 040 |
_aDLC _cDLC _dIG# _dBTCTA _dGK8 _dASC _dON8 _dIK2 _dDLC _beng |
||
| 050 | 0 | 0 |
_aQL125 _b.P477 2009 |
| 082 | 0 | 0 |
_a591.77/89 _222 |
| 100 | 1 |
_aPfeffer, Wendy, _d1929- |
|
| 245 | 1 | 0 |
_aLife in a coral reef / _cby Wendy Pfeffer ; illustrated by Steve Jenkins. |
| 250 | _a1st ed. | ||
| 260 |
_aNew York : _bScholastic, _c2009. |
||
| 300 |
_a32 pages : _bcolor illustrations ; _c21 x 26 cm. |
||
| 490 | 1 | _aLet's-read-and-find out science. Stage 2 | |
| 505 | _aZ' | ||
| 520 | _aDescribes how coral reefs form and discusses the plants and animals that live in them. | ||
| 521 | 1 |
_a1090
_bLexile |
|
| 521 | 1 |
_aZ'
_bRaz-Plus |
|
| 650 | 0 |
_aCoral reef animals _vJuvenile literature. |
|
| 650 | 0 |
_aCoral reef ecology _vJuvenile literature. |
|
| 650 | 1 | _aCoral reef animals. | |
| 650 | 1 | _aCoral reef ecology. | |
| 700 | 1 |
_aJenkins, Steve, _d1952- _eillustrator. |
|
| 906 |
_a7 _bcbc _corignew _d1 _eecip _f20 _gy-gencatlg |
||
| 942 |
_2ddc _cBK _n0 |
||
| 999 |
_c639 _d639 |
||